European Revolutions and the Ottoman Balkans Nationalism, Violence and Empire in the Long Nineteenth-Century (Record no. 1474268)

MARC details
000 -LEADER
fixed length control field 00632nam a2200193Ia 4500
005 - DATE AND TIME OF LATEST TRANSACTION
control field 20260114185849.0
008 - FIXED-LENGTH DATA ELEMENTS--GENERAL INFORMATION
fixed length control field 008 260114s9999 xx 000 0 eng d
020 ## - INTERNATIONAL STANDARD BOOK NUMBER
International Standard Book Number 9780755603268
037 ## - SOURCE OF ACQUISITION
Stock number EBOOK
040 ## - CATALOGING SOURCE
Original cataloging agency CRL
Language of cataloging eng
Transcribing agency CRL
041 ## - LANGUAGE CODE
Language code of text/sound track or separate title eng
Source of code eng
084 ## - COLON CLASSIFICATION NUMBER
Assigning agency CRL
100 ## - MAIN ENTRY--PERSONAL NAME
Personal name Dimitris Stamatopoulos
9 (RLIN) 875334
245 #0 - TITLE STATEMENT
Title European Revolutions and the Ottoman Balkans Nationalism, Violence and Empire in the Long Nineteenth-Century
260 ## - PUBLICATION, DISTRIBUTION, ETC.
Name of publisher, distributor, etc. Bloomsbury
Date of publication, distribution, etc. 2020
856 ## - ELECTRONIC LOCATION AND ACCESS
Uniform Resource Identifier <a href="https://doi.org/10.5040/9780755603268?locatt=label:secondary_bloomsburyCollections">https://doi.org/10.5040/9780755603268?locatt=label:secondary_bloomsburyCollections</a>
942 ## - ADDED ENTRY ELEMENTS (KOHA)
Koha item type eBooks
Holdings
Withdrawn status Lost status Damaged status Not for loan Home library Current library Date acquired Total Checkouts Barcode Date last seen Price effective from Koha item type
        Central Library Central Library 2026-01-14   CL1849965 2026-01-14 2026-01-14 eBooks
Copyright @ Delhi University Library System